[Event "London Mindsports Blitz"]
[Site "London"]
[Date "2022.09.11"]
[Round "3.11"]
[White "Bougeard, Max"]
[Black "Zhan, Richard"]
[Result "0-1"]
[WhiteElo "1621"]
[BlackElo "1501"]
[PlyCount "58"]
[EventDate "2022.09.11"]
[EventType "swiss (blitz)"]
[EventRounds "9"]
[EventCountry "ENG"]
[SourceTitle "CBM 210 Extra"]
[Source "ChessBase"]
[SourceDate "2022.11.30"]
[SourceVersion "1"]
[SourceVersionDate "2022.11.30"]
[SourceQuality "1"]

1. e4 c5 2. b4 cxb4 3. a3 bxa3 4. Nxa3 Nf6 5. e5 Nd5 6. Bc4 Nb6 7. Bb3 Nc6 8. Nf3 e6 9. d4 a6 10. Bg5 Be7 11. Bxe7 Qxe7 12. Nb5 axb5 13. Rc1 0-0 14. c3 Na5 15. Bc2 Nac4 16. h4 d6 17. Ng5 h6 18. Qd3 g6 19. Ne4 dxe5 20. Rh3 exd4 21. h5 f5 22. Ng3 g5 23. Ne2 dxc3 24. g4 e5 25. gxf5 Bxf5 26. Qxc3 Bxc2 27. Qxc2 Qf6 28. Ng3 Rad8 29. Ne4 Qf4 0-1

[Event "London Mindsports Blitz"]
[Site "London"]
[Date "2022.09.11"]
[Round "4.8"]
[White "Zhan, Richard"]
[Black "Mozaffari, Mohammad Hossein"]
[Result "0-1"]
[WhiteElo "1501"]
[BlackElo "1701"]
[PlyCount "122"]
[EventDate "2022.09.11"]
[EventType "swiss (blitz)"]
[EventRounds "9"]
[EventCountry "ENG"]
[SourceTitle "CBM 210 Extra"]
[Source "ChessBase"]
[SourceDate "2022.11.30"]
[SourceVersion "1"]
[SourceVersionDate "2022.11.30"]
[SourceQuality "1"]

1. d4 Nf6 2. c4 c5 3. e3 g6 4. Nf3 Bg7 5. Nc3 0-0 6. Bd3 Nc6 7. Bd2 d6 8. h3 Re8 9. 0-0 a6 10. Re1 Rb8 11. Qc2 Nd7 12. a3 cxd4 13. exd4 Nxd4 14. Nxd4 Bxd4 15. Ne2 Bg7 16. Nf4 Ne5 17. Be2 Bf5 18. Qb3 Qc7 19. Rac1 Rec8 20. Nd5 Qd8 21. Nb6 Rc6 22. Na4 Be6 23. Bf3 Nxf3+ 24. Qxf3 Bxc4 25. Qe4 Kf8 26. Bf4 Rbc8 27. Qe3 Be6 28. Rcd1 b5 29. Nc3 Rc4 30. Ne2 R8c5 31. Ng3 Qc7 32. b3 Rc3 33. Qd2 Rxb3 34. Ne4 Rc2 35. Bxd6 exd6 36. Qf4 d5 37. Qxc7 Rxc7 38. Ng3 Rc2 39. Rf1 Rbb2 40. Kh2 d4 41. Kg1 Bc4 42. Rc1 Bxf1 43. Rxf1 d3 44. Ne4 d2 45. Nxd2 Rxd2 46. a4 bxa4 47. g3 a3 48. Kg2 a2 49. Rc1 Rb1 50. Rc8+ Ke7 51. Rc7+ Kd6 52. Ra7 a1Q 53. h4 Rxf2+ 54. Kxf2 Qb2+ 55. Kf3 Rf1+ 56. Kg4 Qd4+ 57. Kh3 Rh1+ 58. Kg2 Rg1+ 59. Kh3 Qd3 60. Rd7+ Kxd7 61. h5 Qxg3# 0-1

[Event "Hammersmith CC op U2000"]
[Site "London"]
[Date "2022.06.04"]
[Round "1"]
[White "Hall, Antony C"]
[Black "Zhan, Richard"]
[Result "1-0"]
[WhiteElo "1868"]
[BlackElo "1539"]
[PlyCount "201"]
[EventDate "2022.06.04"]
[EventType "swiss"]
[EventRounds "5"]
[EventCountry "ENG"]
[SourceTitle "CBM 208 Extra"]
[Source "ChessBase"]
[SourceDate "2022.07.31"]
[SourceVersion "1"]
[SourceVersionDate "2022.07.31"]
[SourceQuality "1"]

1. e4 e5 2. Nf3 Nc6 3. d4 exd4 4. Bc4 h6 5. Nxd4 Ne5 6. Be2 Nf6 7. f3 d5 8. exd5 Qxd5 9. 0-0 Bc5 10. Be3 0-0 11. Nc3 Qd6 12. Na4 Bxd4 13. Qxd4 Qe7 14. Qc5 Qxc5 15. Bxc5 Re8 16. Rfe1 b6 17. Bf2 Bb7 18. Nc3 Rad8 19. Rad1 Ng6 20. Rxd8 Rxd8 21. Rd1 Rxd1+ 22. Nxd1 Nd5 23. a3 Kf8 24. Ne3 Ndf4 25. Bf1 Ke7 26. Bg3 c5 27. Bc4 Ne6 28. Bb8 a6 29. Ba7 b5 30. Bxe6 Kxe6 31. Bxc5 Ne5 32. Kf2 g6 33. Bd4 Nc6 34. Bc3 h5 35. Ke2 Ne7 36. Nd1 Nd5 37. Bd2 Ke5 38. Bc3+ Kf5 39. Bd2 Ke5 40. Nf2 Ne7 41. Bc3+ Kd5 42. Ne4 Bc8 43. Nf2 Ke6 44. Nd3 Nd5 45. Bd2 Kd6 46. Bf4+ Ke7 47. Bg3 Nb6 48. Bf4 Nd5 49. Bd2 Nb6 50. Ne5 Ke6 51. Nd3 Ke7 52. Bb4+ Kf6 53. Bc3+ Ke7 54. Nc5 Kd6 55. Ne4+ Ke7 56. b3 Nd5 57. Bd2 Nc7 58. Bb4+ Ke6 59. g3 Nd5 60. Bd2 Nb6 61. Bc3 Nd5 62. Bd2 Nb6 63. Kd3 Kd5 64. Nf6+ Ke6 65. Ne4 Kd5 66. Be3 Nd7 67. f4 Bb7 68. Nc3+ Ke6 69. Ne4 Kd5 70. Ng5 f5 71. Nf3 Ke6 72. Nd4+ Kf6 73. Ne2 Ke6 74. c4 Nf6 75. cxb5 axb5 76. Nd4+ Kd5 77. Nxb5 Ba6 78. a4 Kc6 79. Kc4 Ne4 80. Kb4 Nf6 81. Nc3 Ng4 82. Bg1 Nf6 83. Ka5 Bd3 84. b4 Nd7 85. b5+ Kb7 86. Kb4 Nf6 87. a5 Nd7 88. Na4 Bc2 89. Nc5+ Nxc5 90. Kxc5 Bd3 91. a6+ Ka8 92. Kb6 Be4 93. Ka5 Bd3 94. b6 Be4 95. Bd4 Bd5 96. Kb5 Bf3 97. Kc5 Be2 98. b7+ Ka7 99. Kc6+ Kxa6 100. b8Q Bf3+ 101. Kc5 1-0